00254nam a2200097Ia 4500008004100000082000800041100001200049245007400061942000600135999001500141240331s9999 xx 000 0 und d bGRA aGray, J 0aEnlightment's wake :bpolitics and culture at the close of modern age cL c2272d2272